[Event "ODJM B 2016"]
[Site "Willingen GER"]
[Date "2016.05.18"]
[Round "6"]
[White "Parma, Lea"]
[Black "Ibrahim, Luisa"]
[Result "0-1"]
[Termination "normal"]
[Board "50"]
[WhiteElo "1170"]
[BlackElo "916"]
[PlyCount "52"]
[WhiteFideId "16222377"]
[BlackFideId "12993930"]
[EventCountry "GER"]
[EventRounds "9"]
[EventType "swiss"]
[EventDate "2016.05.14"]

1. e4 c5 2. Nc3 d6 3. f4 Nc6 4. Nf3 e5 5. d3 Nf6 6. g3 Be7 7. Bd2 O-O 8. Qe2
Qb6 9. O-O-O Be6 10. h3 Nb4 11. a3 Nc6 12. f5 Bd7 13. g4 Nd4 14. Nxd4 cxd4 15.
Nd5 Nxd5 16. exd5 Qc5 17. Bg2 Ba4 18. Bb4 Qc7 19. b3 Bxb3 20. Kb2 Ba4 21. Qd2
a5 22. Bc3 dxc3+ 23. Qxc3 Qb6+ 24. Kc1 Bg5+ 25. Rd2 Bxd2+ 26. Kxd2 Qf2+ 0-1

[Event "ODJM B 2016"]
[Site "Willingen GER"]
[Date "2016.05.18"]
[Round "6"]
[White "Kail, Oliver"]
[Black "Bardorz, Stefan"]
[Result "0-1"]
[Termination "normal"]
[Board "51"]
[WhiteElo "915"]
[BlackElo "1283"]
[PlyCount "128"]
[WhiteFideId "16228820"]
[BlackFideId "16245474"]
[EventCountry "GER"]
[EventRounds "9"]
[EventType "swiss"]
[EventDate "2016.05.14"]

1. e4 e5 2. Nf3 Nc6 3. Nc3 Nf6 4. d3 Bc5 5. Qe2 d6 6. Be3 Bb6 7. g3 h6 8. Bg2
O-O 9. O-O Be6 10. b3 Qe7 11. Rfd1 Bg4 12. h3 Bxf3 13. Qxf3 Nd4 14. Bxd4 Bxd4
15. Nd5 Nxd5 16. exd5 Bxa1 17. Rxa1 Qg5 18. c3 Qd2 19. c4 Qb2 20. Qd1 Qd4 21.
b4 a6 22. Rc1 b6 23. Qd2 Rab8 24. a4 Rfc8 25. b5 axb5 26. axb5 Ra8 27. Re1 Ra1
28. Rd1 Rxd1+ 29. Qxd1 Ra8 30. Qd2 Ra3 31. Be4 Rb3 32. Qe3 Qxe3 33. fxe3 g6 34.
Kf2 f5 35. Bf3 Rxd3 36. g4 e4 37. Be2 Rd2 38. gxf5 gxf5 39. h4 Kg7 40. Ke1 Ra2
41. Bf1 Kg6 42. Be2 Rxe2+ 43. Kxe2 Kh5 44. Kf2 Kxh4 45. Kg2 Kg4 46. Kf2 h5 47.
Kg2 h4 48. Kf2 h3 49. Kg1 Kg3 50. Kh1 h2 51. c5 Kf3 52. cxd6 cxd6 53. Kxh2 Kxe3
54. Kg2 Ke2 55. Kg3 Ke3 56. Kg2 f4 57. Kg1 Ke2 58. Kg2 f3+ 59. Kg1 f2+ 60. Kg2
f1=Q+ 61. Kg3 Qf5 62. Kg2 Qg4+ 63. Kh2 Kf2 64. Kh1 Qh3# 0-1

[Event "ODJM B 2016"]
[Site "Willingen GER"]
[Date "2016.05.18"]
[Round "6"]
[White "Reyher, Bastian"]
[Black "Fuhrmann, Elias"]
[Result "1-0"]
[Termination "normal"]
[Board "52"]
[WhiteElo "1064"]
[BlackElo "909"]
[PlyCount "91"]
[WhiteFideId "12927465"]
[BlackFideId "36098353"]
[EventCountry "GER"]
[EventRounds "9"]
[EventType "swiss"]
[EventDate "2016.05.14"]

1. e4 d5 2. Nc3 Nf6 3. e5 Nfd7 4. d4 Nb6 5. h3 h5 6. Be2 g6 7. Be3 Be6 8. Nf3
Nc6 9. O-O Qd7 10. Bb5 O-O-O 11. Qe2 Bg7 12. Rad1 Kb8 13. b4 a6 14. Ba4 Nxa4
15. Nxa4 Nxb4 16. Nc5 Qc6 17. Rb1 Nxa2 18. Nxa6+ Kc8 19. Nc5 Nc3 20. Qd2 Nxb1
21. Rxb1 b6 22. Qb4 bxc5 23. dxc5 Kd7 24. Nd4 Qa6 25. c6+ Ke8 26. Bg5 Kf8 27.
Qxe7+ Kg8 28. Qxd8+ Kh7 29. Qxc7 Qa8 30. Nxe6 fxe6 31. Bf6 Rg8 32. Rb7 Qf8 33.
Qd7 Kh6 34. Bxg7+ Rxg7 35. Qxg7+ Qxg7 36. Rxg7 Kxg7 37. c7 Kh6 38. c8=Q Kg5 39.
Qxe6 Kh6 40. Qxd5 Kg5 41. e6+ Kh6 42. e7 Kh7 43. e8=R Kh6 44. h4 Kh7 45. Qg8+
Kh6 46. Qh8# 1-0

[Event "ODJM B 2016"]
[Site "Willingen GER"]
[Date "2016.05.18"]
[Round "6"]
[White "Ibrahim, Eva"]
[Black "Bakalarz, Adrian"]
[Result "1/2-1/2"]
[Termination "normal"]
[Board "53"]
[WhiteElo "973"]
[BlackElo "865"]
[PlyCount "44"]
[WhiteFideId "12993948"]
[BlackFideId "12955809"]
[EventCountry "GER"]
[EventRounds "9"]
[EventType "swiss"]
[EventDate "2016.05.14"]

1. e4 d5 2. exd5 c6 3. dxc6 Nxc6 4. Bc4 e5 5. Nc3 Bc5 6. d3 Nf6 7. Nf3 O-O 8.
O-O a6 9. Be3 Bxe3 10. fxe3 h6 11. e4 Ng4 12. Qe1 Qb6+ 13. Kh1 Ne3 14. Rf2 Nb4
15. Qe2 Bg4 16. h3 Nexc2 17. hxg4 Nxa1 18. Nxe5 Qc7 19. Rf5 Nac2 20. Qf2 Kh7
21. g5 f6 22. gxf6 gxf6 1/2-1/2

[Event "ODJM B 2016"]
[Site "Willingen GER"]
[Date "2016.05.18"]
[Round "6"]
[White "Nagel, Philipp"]
[Black "Rempe, Janne"]
[Result "1-0"]
[Termination "normal"]
[Board "54"]
[WhiteElo "873"]
[BlackElo "948"]
[PlyCount "109"]
[WhiteFideId "12994715"]
[BlackFideId "16202392"]
[EventCountry "GER"]
[EventRounds "9"]
[EventType "swiss"]
[EventDate "2016.05.14"]

1. d4 d5 2. Nc3 Nf6 3. Bf4 a6 4. e3 Nc6 5. f3 Bf5 6. Qd2 e6 7. O-O-O Bb4 8.
Nge2 O-O 9. h4 h5 10. Ng3 Bg6 11. Bd3 Bxd3 12. Qxd3 Qe7 13. Bg5 Qd6 14. Nce2
Nd7 15. Nxh5 Nb6 16. f4 f6 17. Qg6 Qe7 18. Bh6 Qf7 19. Qxg7+ Qxg7 20. Bxg7 Rf7
21. Bxf6 Nc4 22. Rd3 a5 23. a3 Bd6 24. g4 b5 25. b3 Bxa3+ 26. Kd1 Nb2+ 27. Kd2
Nxd3 28. Kxd3 Nb4+ 29. Kd2 a4 30. bxa4 bxa4 31. g5 Kh7 32. Nhg3 Kg8 33. Be5 Nc6
34. g6 Nxe5 35. gxf7+ Nxf7 36. Kd3 Bb2 37. Nc3 a3 38. Na2 Nd6 39. h5 Kh7 40. e4
c6 41. e5 Nb5 42. Ne2 Ra4 43. Rf1 Bxd4 44. c3 Bc5 45. f5 exf5 46. Rxf5 Rc4 47.
e6 Re4 48. Rf6 Re3+ 49. Kd2 Kg7 50. Rg6+ Kh7 51. Nf4 Nxc3 52. Nxc3 Bb4 53. Kxe3
Bxc3 54. e7 Bd4+ 55. Kd3 1-0

[Event "ODJM B 2016"]
[Site "Willingen GER"]
[Date "2016.05.18"]
[Round "6"]
[White "Reiser, Silas"]
[Black "Färber, Sophie"]
[Result "1-0"]
[Termination "normal"]
[Board "55"]
[WhiteElo "926"]
[BlackElo "860"]
[PlyCount "65"]
[BlackFideId "16239121"]
[EventCountry "GER"]
[EventRounds "9"]
[EventType "swiss"]
[EventDate "2016.05.14"]

1. e4 e5 2. Nf3 Nc6 3. Nc3 Nf6 4. d4 Bb4 5. Bg5 Qe7 6. a3 Bxc3+ 7. bxc3 d6 8.
Bb5 Bd7 9. O-O O-O 10. Bxf6 Qxf6 11. dxe5 Qe6 12. Re1 a6 13. Bxc6 Bxc6 14. Qd4
d5 15. exd5 Bxd5 16. Ng5 Qc6 17. Qd3 g6 18. Qh3 h5 19. Qg3 Qc4 20. f4 Qc5+ 21.
Kh1 Rae8 22. f5 Qc4 23. Nh3 Be4 24. fxg6 fxg6 25. Nf4 Kg7 26. Nxh5+ Kh6 27. Nf6
Re6 28. Rxe4 Rfxf6 29. exf6 Qxe4 30. Qh3+ Kg5 31. Qg3+ Kh6 32. Rf1 Qxc2 33.
Qh4# 1-0

[Event "ODJM B 2016"]
[Site "Willingen GER"]
[Date "2016.05.18"]
[Round "6"]
[White "Zeng, Jiakang-Felix"]
[Black "Zwecker, Simon"]
[Result "0-1"]
[Termination "normal"]
[Board "56"]
[WhiteElo "800"]
[BlackElo "916"]
[PlyCount "100"]
[BlackFideId "16257677"]
[EventCountry "GER"]
[EventRounds "9"]
[EventType "swiss"]
[EventDate "2016.05.14"]

1. e4 e5 2. Nf3 Nc6 3. Bc4 Bc5 4. c3 Nf6 5. d4 exd4 6. cxd4 Bb4+ 7. Nc3 Bxc3+
8. bxc3 Nxe4 9. Qe2 Qe7 10. O-O d6 11. Re1 f5 12. Qc2 Bd7 13. Bd3 O-O-O 14. Bg5
Qe6 15. Bxd8 Rxd8 16. Bxe4 fxe4 17. Rxe4 Qf5 18. Nh4 Qd5 19. c4 Qg5 20. Rb1 Bf5
21. Nxf5 Qxf5 22. f3 d5 23. cxd5 Nxd4 24. Qb2 Qxd5 25. Rd1 Nxf3+ 26. gxf3 Qxd1+
27. Kg2 Rd2+ 28. Qxd2 Qxd2+ 29. Kg3 c5 30. Rc4 Qd5 31. Rg4 c4 32. f4 c3 33.
Rxg7 Qd3+ 34. Kg4 Qg6+ 35. Rxg6 hxg6 36. h4 c2 37. h5 c1=Q 38. h6 Qg1+ 39. Kh4
Qh1+ 40. Kg5 Qh5+ 41. Kf6 Qf5+ 42. Kg7 Qd7+ 43. Kxg6 Qe6+ 44. Kg7 Qg4+ 45. Kf7
Qxf4+ 46. Kg7 Qg5+ 47. Kh7 Kd7 48. Kh8 Ke7 49. h7 Kf7 50. a4 Qg7# 0-1

[Event "ODJM B 2016"]
[Site "Willingen GER"]
[Date "2016.05.18"]
[Round "6"]
[White "Klonov, Sofia"]
[Black "Ibrahim, Ben"]
[Result "0-1"]
[Termination "normal"]
[Board "57"]
[WhiteElo "866"]
[BlackElo "834"]
[PlyCount "78"]
[WhiteFideId "16226240"]
[BlackFideId "12993921"]
[EventCountry "GER"]
[EventRounds "9"]
[EventType "swiss"]
[EventDate "2016.05.14"]

1. e4 e5 2. Nf3 Nc6 3. Bc4 Bc5 4. c3 Nf6 5. d3 Ng4 6. d4 exd4 7. cxd4 Nxd4 8.
Nxd4 d6 9. O-O Bxd4 10. Qxd4 O-O 11. h3 Nf6 12. Bg5 c5 13. Qd5 Nxd5 14. Bxd8
Nb4 15. a3 Nc2 16. Ra2 Rxd8 17. Rd1 b5 18. Bxb5 Be6 19. Bc6 Bxa2 20. Bxa8 Bxb1
21. Rxb1 Rxa8 22. Rc1 Nd4 23. b4 Ne2+ 24. Kh1 Nxc1 25. b5 Ne2 26. a4 c4 27. a5
c3 28. b6 axb6 29. axb6 Rb8 30. Kh2 Rxb6 31. e5 c2 32. h4 c1=Q 33. e6 fxe6 34.
g3 Qg1+ 35. Kh3 Qh1+ 36. Kg4 Rb5 37. h5 h6 38. f4 Qg1 39. f5 Qxg3# 0-1